=LDR 00000nam 2200000 4500 =001 INLIS000000000005212 =005 20251009114940 =035 ##$$a 0010-1025000267 =007 ta =008 251009###########################0#ind## =082 ##$$a 363.96 =084 ##$$a 363.96 BAD p =100 #$$a Badan Koordinasi Keluarga Berencana Nasional =245 1#$$a Pros and Cons of the Family Planning Programs of 20 of the World's Most Populous Countries /$c Badan Koordinasi Keluarga Berencana Nasional =260 ##$:$b Badan Koordinasi Keluarga Berencana Nasional =300 ##$$a 24 Hal : $b Ilus ; $c 21 =650 #4$$a Keluarga Berencana =856 ##$$a Perpustakaan Kemendukbangga